| 000 | 00684nam a2200217Ia 4500 | ||
|---|---|---|---|
| 003 | GCL | ||
| 008 | 140319s9999 xx 000 0 ara d | ||
| 040 |
_aGCL / _cGCL |
||
| 082 | 0 | 4 |
_a961 _bع ح |
| 100 | 1 | _aعلال الفاسى | |
| 245 | 1 | 0 |
_aالحركات الاستقلالية فى المغرب العربى / _cعلال الفاسى |
| 260 |
_a[S.N] : _bلجنة الثقافة الوطنية لحزب الاستقلال ، _c1948 |
||
| 300 | _a56 ص | ||
| 490 | _a | ||
| 650 | 0 | 4 | _aالعصر الحديث |
| 650 | 0 | 4 | _aتاريخ |
| 650 | 0 | 4 | _aالمغرب |
| 650 | 0 | 4 | _aالاستقلال |
| 650 | 0 | 4 | _aاستقلال البلاد العربية |
| 942 |
_2ddc _cBK |
||
| 999 |
_c58704 _d58704 |
||